Pixel Art Games - Statistics

General Stats
  • This quiz has been taken 39 times
  • The average score is 7 of 16
Answer Stats
Picture Answer % Correct
Mario
100%
Pacman
97%
Donkey Kong
94%
Tetris
88%
Space Invaders
63%
Mega Man
50%
Oregon Trail
47%
Retro Bowl
41%
Galaga
34%
Metroid
34%
Castlevania
25%
Dig Dug
22%
Prince of Persia
22%
Bubble Bobble
13%
Burgertime
6%
Commander Keen
6%
No matching quizzes found
Score Distribution
Percent of People with Each Score
Percentile by Number Answered
Your Score History
You have not taken this quiz